000 00384nam a2200157Ia 4500
008 221030s9999 xx 000 0 und d
020 _a085226349X
041 _aEnglish
082 _a105.23
_bAdb
100 _aP. R. Adby
245 0 _aApplied Circuit theory
_cby P. R. Adby
260 _bNew Age International Pub.
_aNew Delhi
_c2001
300 _a490
650 _aEE
942 _cBK
999 _c2036
_d2036